000
00237 a2200097 4500
001
38592
100
_a
Mohanty K
245
_a
Thermal propertics of Air water & steem
260
_a
New Delhi
_b
Oxford & IBH
_c
1991
090
_c
24463
_d
24463
942
_a
NUST-CAE
_c
M
_c
16073
999
_c
273665
_d
273665